عرض عادي عرض مارك
  • Langacker, Ronald W.

مدخل إسم شخص

عدد التسجيلات المستخدمة في: 1

001 - رقم الضبط

  • حقل الضبط: 9147

003 - معرف رقم الضبط

  • حقل الضبط: OSt

005 - تاريخ ووقت أخر عملية

  • حقل الضبط: 20111227163840.0

008 - عناصر بيانات ثابتة الطول

  • حقل تحكم ثابت الطول: 111227|||a|||||| | ||| d

040 ## - مصدر الفهرسة

  • هيئة الفهرسة الأصلية: OSt
  • وكالة الكتابة: OSt

100 ## - مدخل -- أسم شخص

  • إسم شخص: Langacker, Ronald W.

670 ## - بيانات المصدر موجوده

  • الاستشهاد بالمصدر: Work cat.: (OSt)3422: Langacker, Ronald W., Language and its structure; some fundamental linguistic concepts, [1968]